Història del teatre / Vito Pandolfi ; traducció de Jaume Fuster ; edició a cura de Josep M. Benet i Jornet i Josep M. Carandell
Descripción Física:
3 v. ; 25 cm
Colección:
Materials pedagògics
Otros Autores:
Benet i Jornet, Josep M., 1940-2020
,
Carandell, Josep Maria, 1934-2003
,
Fuster, Jaume
Materias:
Teatre -- Història
MARC
| LEADER | 00000nam a2200000Ia 4500 | ||
|---|---|---|---|
| 001 | 9842, 9843, 10316 | ||
| 008 | 160829s1989 - 1993 xx 000 0 cat d | ||
| 080 | |a B-1-119, B-1-120, B-1-121 | ||
| 100 | |a Pandolfi, Vito |9 30223 | ||
| 245 | |a Història del teatre / Vito Pandolfi ; traducció de Jaume Fuster ; edició a cura de Josep M. Benet i Jornet i Josep M. Carandell | ||
| 260 | |a Barcelona : |b Institut del Teatre. Diputació de Barcelona, |c 1989 - 1993 | ||
| 300 | |a 3 v. ; |c 25 cm | ||
| 490 | |a Materials pedagògics | ||
| 650 | |a Teatre |x Història |9 20214 | ||
| 700 | 1 | |a Benet i Jornet, Josep M., |d 1940-2020 |e editor literari |9 25098 | |
| 700 | 1 | |a Carandell, Josep Maria, |d 1934-2003 |e editor literari |9 42674 | |
| 700 | 1 | |a Fuster, Jaume |e traductor |9 30226 | |
| 710 | 1 | |a Institut del Teatre (Barcelona, Catalunya) |9 52662 | |
| 901 | |a Arxiu | ||
| 942 | |n 1 |2 udc | ||
| 952 | |0 0 |1 0 |4 0 |6 B1119_B1120_B1121 |7 1 |9 45335 |a Arxiu |b Arxiu |d 2016-12-01 |l 0 |o B-1-119, B-1-120, B-1-121 |p 9842, 9843, 10316 |r 2016-12-01 00:00:00 |w 2016-12-01 |y ARXIU | ||
| 999 | |c 48409 |d 48409 | ||